Isn't It Ironic? Quiz Stats

Quiz Updated May 18, 2013

Challenge
Share
Tweet
Embed
Score 0/34 Timer 07:00
0 Plays Today
% Correct
Camouflage
95.7%
Applauds
91.1%
Poor
89.4%
Teen Pregnancy
88.5%
D
88.1%
Lawyer
86.8%
Foreign
84.6%
Stolen
83.6%
Gun
83.3%
Glowing
81.5%
Chick
80.4%
Internet Connection
79.2%
Postoned
78.5%
Phone
75.4%
All Day Breakfast
75%
Missippi
74.3%
Drive Thru
74.1%
% Correct
Unlisted
72.9%
Funds
72%
A Pair
71.2%
Made Daily
71.1%
Signs
71%
Closed
70.8%
Prisons
70.7%
Hell
69.3%
Crack
69.2%
A
68.9%
New Members
67.4%
Lunar Eclipse
67%
Enclosure
61.9%
Morgue
60.1%
Fireworks
52.5%
Sick
46.1%
Lift
42.2%

You're not logged in!

Compare scores with friends on all Sporcle quizzes.
Sign Up with Email
OR
Log In

You Might Also Like...

Show Comments

Extras

Top Quizzes Today


Score Distribution

Your Account Isn't Verified!

In order to create a playlist on Sporcle, you need to verify the email address you used during registration. Go to your Sporcle Settings to finish the process.